International business : competing in the global marketplace /

Bibliographische Detailangaben
1. Verfasser: Hill, Charles W. L. (VerfasserIn)
Format: Buch
Sprache:English
Ausgabe:Thirteenth edition.
Schlagworte:
Classic Catalogue: View this record in Classic Catalogue
LEADER 05594nam a2200553 i 4500
001 37592
003 BD-DhAAL
005 20240707113954.0
008 211221t2021 nyua b 001 0 eng
010 |a  2017963876 
020 |a 9781260575866 
020 |a 1260575861 
020 |a 9789355324771 
020 |a 9355324774 
040 |a DLC  |b eng  |e rda  |c DLC  |d BD-DhAAL 
042 |a pcc 
050 0 0 |a HD62.4  |b .H55 2019 
082 |a 658.049  |2 23 
100 1 |a Hill, Charles W. L.,  |e author.  |9 43567 
245 1 0 |a International business :  |b competing in the global marketplace /  |c Charles W. L. Hill, University of Washington. 
250 |a Thirteenth edition. 
264 |a New York, NY ;  |a India :  |b McGraw-Hill Education,  |c c2021,  |c c2023 [second reprinted 2024]. 
300 |a xxvi, 688 pages :  |b illustrations, Diagramme ;  |c 29 cm. 
526 |a BBS 
541 |a Karim International, Hye Trade International  |e 37592, 37593, 37954, 42748, 42749, 42750, 42751, 42752, 42753, 42754, 42755 
650 0 |a International business enterprises  |x Management.  |9 43568 
650 0 |a Competition, International.  |9 43569 
650 0 |a Business & finance  |9 43570 
852 |a Ayesha Abed Library  |c General Stacks 
942 |2 ddc  |c BK 
999 |c 43362  |d 43362 
952 |0 0  |1 0  |2 ddc  |4 0  |6 658_049000000000000_HIL  |7 0  |9 69547  |a BRACUL  |b BRACUL  |c GEN  |d 2021-12-15  |e Karim International  |g 4590.00  |l 7  |m 68  |o 658.049 HIL  |p 3010037594  |q 2026-09-06  |r 2026-05-07  |s 2026-05-07  |t 3  |v 4590.00  |w 2021-12-15  |y BK 
952 |0 0  |1 0  |2 ddc  |4 0  |6 658_049000000000000_HIL  |7 0  |9 69548  |a BRACUL  |b BRACUL  |c GEN  |d 2021-12-15  |e Karim International  |g 4590.00  |l 7  |m 60  |o 658.049 HIL  |p 3010037592  |q 2026-06-02  |r 2026-05-10  |s 2026-05-10  |t 1  |v 4590.00  |w 2021-12-15  |y BK 
952 |0 0  |1 0  |2 ddc  |4 0  |6 658_049000000000000_HIL  |7 0  |9 69549  |a BRACUL  |b BRACUL  |c GEN  |d 2021-12-15  |e Karim International  |g 4590.00  |l 10  |m 83  |o 658.049 HIL  |p 3010037593  |q 2025-11-27  |r 2025-11-20  |s 2025-11-20  |t 2  |v 4590.00  |w 2021-12-15  |y BK 
952 |0 0  |1 0  |2 ddc  |4 0  |6 658_049000000000000_HIL  |7 0  |9 75908  |a BRACUL  |b BRACUL  |c GEN  |d 2024-07-07  |e Hye Trade International  |g 1588.00  |l 1  |o 658.049 HIL  |p 3010042750  |r 2025-09-24  |s 2025-06-03  |t 6  |v 1588.00  |w 2024-07-07  |y BK  |x This is an Indian edition. 
952 |0 0  |1 0  |2 ddc  |4 0  |6 658_049000000000000_HIL  |7 0  |9 75909  |a BRACUL  |b BRACUL  |c GEN  |d 2024-07-07  |e Hye Trade International  |g 1588.00  |l 2  |m 9  |o 658.049 HIL  |p 3010042759  |r 2026-05-17  |s 2026-03-07  |t 14  |v 1588.00  |w 2024-07-07  |y BK  |x This is an Indian edition 
952 |0 0  |1 0  |2 ddc  |4 0  |6 658_049000000000000_HIL  |7 0  |9 75910  |a BRACUL  |b BRACUL  |c GEN  |d 2024-07-07  |e Hye Trade International  |g 1588.00  |l 4  |m 45  |o 658.049 HIL  |p 3010042757  |q 2026-05-17  |r 2026-02-02  |s 2026-02-02  |t 13  |v 1588.00  |w 2024-07-07  |y BK  |x This is an Indian edition. 
952 |0 0  |1 0  |2 ddc  |4 0  |6 658_049000000000000_HIL  |7 0  |9 75911  |a BRACUL  |b BRACUL  |c GEN  |d 2024-07-07  |e Hye Trade International  |g 1588.00  |l 3  |m 37  |o 658.049 HIL  |p 3010042749  |q 2026-06-02  |r 2026-02-17  |s 2026-02-17  |t 5  |v 1588.00  |w 2024-07-07  |y BK  |x This is an Indian edition. 
952 |0 0  |1 0  |2 ddc  |4 0  |6 658_049000000000000_HIL  |7 0  |9 75912  |a BRACUL  |b BRACUL  |c GEN  |d 2024-07-07  |e Hye Trade International  |g 1588.00  |l 2  |m 21  |o 658.049 HIL  |p 3010042762  |q 2026-06-02  |r 2026-02-23  |s 2026-02-23  |t 18  |v 1588.00  |w 2024-07-07  |y BK  |x This is an Indian edition. 
952 |0 0  |1 0  |2 ddc  |4 0  |6 658_049000000000000_HIL  |7 0  |9 75913  |a BRACUL  |b BRACUL  |c GEN  |d 2024-07-07  |e Hye Trade International  |g 1588.00  |l 1  |m 12  |o 658.049 HIL  |p 3010042761  |r 2025-09-21  |s 2025-06-17  |t 17  |v 1588.00  |w 2024-07-07  |y BK  |x This is an Indian edition. 
952 |0 0  |1 0  |2 ddc  |4 0  |6 658_049000000000000_HIL  |7 0  |9 75914  |a BRACUL  |b BRACUL  |c GEN  |d 2024-07-07  |e Hye Trade International  |g 1588.00  |l 2  |o 658.049 HIL  |p 3010042754  |r 2026-03-05  |s 2026-02-26  |t 10  |v 1588.00  |w 2024-07-07  |y BK  |x This is an Indian edition. 
952 |0 0  |1 0  |2 ddc  |4 0  |6 658_049000000000000_HIL  |7 0  |9 75915  |a BRACUL  |b BRACUL  |c GEN  |d 2024-07-07  |e Hye Trade International  |g 1588.00  |l 2  |m 6  |o 658.049 HIL  |p 3010042751  |r 2025-06-29  |s 2025-04-16  |t 7  |v 1588.00  |w 2024-07-07  |y BK  |x This is an Indian edition. 
952 |0 0  |1 0  |2 ddc  |4 0  |6 658_049000000000000_HIL  |7 0  |9 75916  |a BRACUL  |b BRACUL  |c GEN  |d 2024-07-07  |e Hye Trade International  |g 1588.00  |l 2  |m 10  |o 658.049 HIL  |p 3010042756  |r 2026-04-01  |s 2026-03-30  |t 12  |v 1588.00  |w 2024-07-07  |y BK  |x This is an Indian edition. 
952 |0 0  |1 0  |2 ddc  |4 0  |6 658_049000000000000_HIL  |7 0  |9 75917  |a BRACUL  |b BRACUL  |c GEN  |d 2024-07-07  |e Hye Trade International  |g 1588.00  |l 1  |m 10  |o 658.049 HIL  |p 3010042758  |r 2025-02-12  |s 2024-10-30  |t 15  |v 1588.00  |w 2024-07-07  |y BK  |x This is an Indian edition. 
952 |0 0  |1 0  |2 ddc  |4 0  |6 658_049000000000000_HIL  |7 0  |9 75918  |a BRACUL  |b BRACUL  |c GEN  |d 2024-07-07  |e Hye Trade International  |g 1588.00  |l 1  |m 4  |o 658.049 HIL  |p 3010042760  |r 2025-03-23  |s 2025-02-17  |t 16  |v 1588.00  |w 2024-07-07  |y BK  |x This is an Indian edition. 
952 |0 0  |1 0  |2 ddc  |4 0  |6 658_049000000000000_HIL  |7 0  |9 75919  |a BRACUL  |b BRACUL  |c GEN  |d 2024-07-07  |e Hye Trade International  |g 1588.00  |l 4  |m 20  |o 658.049 HIL  |p 3010042748  |r 2026-05-19  |s 2026-02-03  |t 4  |v 1588.00  |w 2024-07-07  |y BK  |x This is an Indian edition. 
952 |0 0  |1 0  |2 ddc  |4 0  |6 658_049000000000000_HIL  |7 0  |9 75920  |a BRACUL  |b BRACUL  |c GEN  |d 2024-07-07  |e Hye Trade International  |g 1588.00  |l 1  |m 13  |o 658.049 HIL  |p 3010042753  |r 2025-05-25  |s 2025-02-12  |t 9  |v 1588.00  |w 2024-07-07  |y BK  |x This is an Indian edition. 
952 |0 0  |1 0  |2 ddc  |4 0  |6 658_049000000000000_HIL  |7 0  |9 75921  |a BRACUL  |b BRACUL  |c GEN  |d 2024-07-07  |e Hye Trade International  |g 1588.00  |l 3  |m 18  |o 658.049 HIL  |p 3010042755  |q 2026-06-02  |r 2026-02-02  |s 2026-02-02  |t 11  |v 1588.00  |w 2024-07-07  |y BK  |x This is an Indian edition. 
952 |0 0  |1 0  |2 ddc  |4 0  |6 658_049000000000000_HIL  |7 0  |9 75922  |a BRACUL  |b BRACUL  |c GEN  |d 2024-07-07  |e Hye Trade International  |g 1588.00  |l 2  |m 15  |o 658.049 HIL  |p 3010042752  |r 2025-09-21  |s 2025-06-24  |t 8  |v 1588.00  |w 2024-07-07  |y BK  |x This is an Indian edition.